Lethally blond / (Record no. 8436)
[ view plain ]
| 000 -LEADER | |
|---|---|
| fixed length control field | 00407cam a2200169 a 4500 |
| 020 ## - INTERNATIONAL STANDARD BOOK NUMBER | |
| ISBN | 9780446577953 |
| 020 ## - INTERNATIONAL STANDARD BOOK NUMBER | |
| ISBN | 0446577952 |
| 050 00 - CALL NUMBER | |
| Classification number | PS3623.H578 |
| Item number | L48 |
| 100 1# - AUTHOR | |
| Personal name | White, Kate, |
| 245 10 - TITLE | |
| Title | Lethally blond / |
| Statement of responsibility, etc | Kate White. |
| 250 ## - EDITION | |
| Edition statement | 1st ed. |
| 260 ## - PUBLICATION INFORMATION | |
| Place of publication | New York : |
| Name of publisher | Warner Books, |
| Year of publication | 2007. |
| 300 ## - DESCRIPTION | |
| Number of Pages | 323 p. ; |
| Dimensions | 24 cm. |
| 650 #0 - SUBJECTS | |
| Topical Term | Women journalists |
| 942 ## - ADDED ENTRY ELEMENTS (KOHA) | |
| Koha item type | Books |
| Withdrawn status | Lost status | Collection code | Home library | Current library | Shelving location | Date acquired | Full call number | Accession Number | Koha item type |
|---|---|---|---|---|---|---|---|---|---|
| Fiction | Methodist University Library Main | Methodist University Library Main | General Stacks | 24/04/2025 | PS3623.H578 L48 | 32669 | Books |